| 000 | 00725nam a2200181Ia 4500 | ||
|---|---|---|---|
| 003 | GCL | ||
| 008 | 140319s9999 xx 000 0 ara d | ||
| 040 |
_aGCL / _cGCL |
||
| 082 | 0 | 4 |
_a331.252 _bم ا |
| 100 | 1 | _aعمادالدين حسن ابراهيم | |
| 245 | 1 | 0 |
_aالاثار الاجتماعية والاقتصادية المصاحبة لسياسة المعاش المبكر / _cعمادالدين حسن ابراهيم |
| 260 |
_aالقاهرة : _bالجامعة العمالية - قطاع البحوث والتطوير ، _c2003 |
||
| 300 |
_a226 ص ؛ _c32 سم |
||
| 650 | 0 | 4 | _aالمعاشات |
| 650 | 0 | 4 | _aالمشاكل الاجتماعية |
| 650 | 0 | 4 | _aالتامين الاجتماعى |
| 942 |
_2ddc _cBK |
||
| 999 |
_c5790 _d5790 |
||